[Event "WWRR IM 2019"]
[Site "Wachtebeke"]
[Date "2019.03.03"]
[Round "2.4"]
[White "Van der Lende, Ilias"]
[Black "Vuelban, Virgilio"]
[Result "1/2-1/2"]
[WhiteElo "2343"]
[BlackElo "2272"]
[Annotator "NA"]
[PlyCount "119"]
[EventDate "2019.03.02"]
[EventCountry "BEL"]
[SourceTitle "playchess.com"]
[Source "ChessBase"]
[SourceQuality "1"]
[TimeControl "40/5400+30:900+30"]

1. e4 {[%emt 0:00:00]} c5 {[%emt 0:05:46]} 2. c3 {[%emt 0:00:00]} Nf6 {[%emt 0:00:19]} 3. e5 {[%emt 0:00:00]} Nd5 {[%emt 0:00:05]} 4. d4 {[%emt 0:00:02]} cxd4 {[%emt 0:00:04]} 5. Nf3 {[%emt 0:00:05]} e6 {[%emt 0:00:05]} 6. cxd4 {[%emt 0:00:06]} d6 {[%emt 0:00:05]} 7. Bc4 {[%emt 0:00:21]} Nc6 {[%emt 0:00:09]} 8. O-O {[%emt 0:00:11]} Be7 {[%emt 0:00:10]} 9. exd6 {[%emt 0:00:09]} Qxd6 {[%emt 0:00:06]} 10. Nc3 {[%emt 0:00:06]} O-O {[%emt 0:00:28]} 11. Re1 {[%emt 0:00:06]} Rd8 {[%emt 0:02:19]} 12. Bb3 {[%emt 0:02:32]} Nxc3 {[%emt 0:02:40]} 13. bxc3 {[%emt 0:00:51]} b6 {[%emt 0:00:05]} 14. Ng5 {[%emt 0:00:47]} Na5 {[%emt 0:22:51]} 15. Qf3 {[%emt 0:19:53]} Bxg5 {[%emt 0:00:56]} 16. Bxg5 {[%emt 0:00:42]} Bb7 {[%emt 0:00:13]} 17. Qg4 {[%emt 0:00:07]} h5 {[%emt 0:06:47]} 18. Qh3 {[%emt 0:02:40]} Nxb3 {[%emt 0:00:26]} 19. axb3 {[%emt 0:00:07]} f6 {[%emt 0:16:03]} 20. Be3 {[%emt 0:14:26]} g6 {[%emt 0:01:19]} 21. c4 {[%emt 0:02:28]} Kf7 {[%emt 0:00:23]} 22. Bf4 {[%emt 0:11:34]} Qc6 {[%emt 0:05:18]} 23. Rad1 {[%emt 0:00:29]} Rd7 {[%emt 0:04:07]} 24. Bc1 {[%emt 0:01:12]} a5 {[%emt 0:04:32]} 25. Ba3 {[%emt 0:03:55]} Re8 {[%emt 0:05:21]} 26. d5 {[%emt 0:09:58]} exd5 {[%emt 0:00:37]} 27. Rxe8 {[%emt 0:00:27]} Kxe8 {[%emt 0:00:06]} 28. Qe3+ {[%emt 0:01:03]} Kf7 {[%emt 0:08:56]} 29. Re1 {[%emt 0:02:17]} Kg7 {[%emt 0:04:15]} 30. Qe8 {[%emt 0:00:32]} Rf7 {[%emt 0:01:47]} 31. Bf8+ {[%emt 0:00:18]} Kg8 {[%emt 0:00:49]} 32. Bc5+ {[%emt 0:01:35]} Qxe8 {[%emt 0:00:19]} 33. Rxe8+ {[%emt 0:00:06]} Kg7 {[%emt 0:00:51]} 34. Bxb6 {[%emt 0:00:07]} a4 {[%emt 0:01:23]} 35. bxa4 {[%emt 0:01:51]} dxc4 {[%emt 0:00:06]} 36. Re3 {[%emt 0:01:03]} Rd7 {[%emt 0:00:33]} 37. h3 {[%emt 0:00:12]} Kf7 {[%emt 0:01:01]} 38. Bc5 {[%emt 0:02:23]} f5 {[%emt 0:01:13]} 39. Kh2 {[%emt 0:01:28]} f4 {[%emt 0:00:34]} 40. Rc3 {[%emt 0:00:19]} Ba6 {[%emt 0:03:16]} 41. h4 {[%emt 0:19:15]} Ke6 {[%emt 0:16:11]} 42. a5 {[%emt 0:02:13]} Rd3 {[%emt 0:01:17]} 43. Rxd3 {[%emt 0:06:01]} cxd3 {[%emt 0:00:06]} 44. Bb4 {[%emt 0:00:03]} Kd5 {[%emt 0:00:29]} 45. f3 {[%emt 0:00:45]} Ke5 {[%emt 0:00:00]} 46. Bd2 {[%emt 0:00:00]} Kf5 {[%emt 0:00:00]} 47. Kg1 {[%emt 0:00:00]} Bb5 {[%emt 0:00:00]} 48. Kf2 {[%emt 0:00:00]} Ba6 {[%emt 0:00:00]} 49. Ke1 {[%emt 0:00:00]} Bb5 {[%emt 0:00:00]} 50. Kd1 {[%emt 0:00:00]} g5 {[%emt 0:00:00]} 51. hxg5 {[%emt 0:00:00]} Kxg5 {[%emt 0:00:00]} 52. Kc1 {[%emt 0:00:00]} h4 {[%emt 0:00:00]} 53. Be1 {[%emt 0:00:00]} d2+ {[%emt 0:04:23]} 54. Kxd2 {[%emt 0:00:00]} Bf1 {[%emt 0:00:05]} 55. Bf2 {[%emt 0:00:00]} Bxg2 {[%emt 0:00:06]} 56. Ke2 {[%emt 0:00:00]} Bh3 {[%emt 0:00:10]} 57. a6 {[%emt 0:00:00]} Bc8 {[%emt 0:00:04]} 58. a7 {[%emt 0:00:00]} Bb7 {[%emt 0:00:04]} 59. Bg1 {[%emt 0:00:00]} h3 {[%emt 0:00:09]} 60. Bh2 {[%emt 0:00:00]} 1/2-1/2

[Event "WWRR IM 2019"]
[Site "Wachtebeke"]
[Date "2019.03.03"]
[Round "2.5"]
[White "De Ruiter, Danny"]
[Black "Huynh, Laurent"]
[Result "1/2-1/2"]
[WhiteElo "2328"]
[BlackElo "2138"]
[Annotator "NA"]
[PlyCount "55"]
[EventDate "2019.03.02"]
[EventCountry "BEL"]
[SourceTitle "playchess.com"]
[Source "ChessBase"]
[SourceQuality "1"]
[TimeControl "40/5400+30:900+30"]

1. Nf3 {[%emt 0:00:00]} Nf6 {[%emt 0:00:00]} 2. c4 {[%emt 0:00:00]} e6 {[%emt 0:00:00]} 3. g3 {[%emt 0:00:02]} Be7 {[%emt 0:00:30]} 4. Bg2 {[%emt 0:00:11]} O-O {[%emt 0:00:22]} 5. O-O {[%emt 0:00:07]} d5 {[%emt 0:00:04]} 6. b3 {[%emt 0:00:08]} b6 {[%emt 0:00:51]} 7. Bb2 {[%emt 0:00:16]} Bb7 {[%emt 0:00:22]} 8. d4 {[%emt 0:00:20]} Nbd7 {[%emt 0:00:19]} 9. Nc3 {[%emt 0:00:50]} c5 {[%emt 0:01:01]} 10. cxd5 {[%emt 0:00:25]} Nxd5 {[%emt 0:00:20]} 11. Nxd5 {[%emt 0:01:58]} Bxd5 {[%emt 0:00:22]} 12. Qd2 {[%emt 0:02:49]} Bf6 {[%emt 0:05:59]} 13. Rac1 {[%emt 0:05:15]} Rc8 {[%emt 0:02:12]} 14. Rfd1 {[%emt 0:00:39]} Qe7 {[%emt 0:19:41]} 15. Ba3 {[%emt 0:02:04]} Rfd8 {[%emt 0:01:46]} 16. dxc5 {[%emt 0:02:03]} Nxc5 {[%emt 0:01:13]} 17. Qe3 {[%emt 0:04:55]} Qf8 {[%emt 0:05:54]} 18. Bxc5 {[%emt 0:02:35]} Rxc5 {[%emt 0:00:35]} 19. Rxc5 {[%emt 0:00:41]} Qxc5 {[%emt 0:00:24]} 20. Qxc5 {[%emt 0:00:29]} bxc5 {[%emt 0:00:02]} 21. Rc1 {[%emt 0:00:17]} Bxf3 {[%emt 0:01:19]} 22. Bxf3 {[%emt 0:00:20]} Rc8 {[%emt 0:01:28]} 23. Rc4 {[%emt 0:04:33]} a5 {[%emt 0:04:29]} 24. e3 {[%emt 0:02:31]} Kf8 {[%emt 0:00:47]} 25. Kf1 {[%emt 0:00:53]} Ke7 {[%emt 0:00:30]} 26. Ke2 {[%emt 0:00:38]} Bb2 {[%emt 0:00:18]} 27. Ra4 {[%emt 0:03:06]} Bc3 {[%emt 0:00:27]} 28. Rc4 {[%emt 0:01:03]} 1/2-1/2

[Event "WWRR IM 2019"]
[Site "Wachtebeke"]
[Date "2019.03.03"]
[Round "3.1"]
[White "Huynh, Laurent"]
[Black "Maerevoet, Sim"]
[Result "1/2-1/2"]
[WhiteElo "2138"]
[BlackElo "2251"]
[Annotator "TA"]
[PlyCount "44"]
[EventDate "2019.03.02"]
[EventCountry "BEL"]
[SourceTitle "playchess.com"]
[Source "ChessBase"]
[SourceQuality "1"]

{[%evp 12,44,12,6,26,17,22,0,14,14,6,0,3,5,7,0,6,14,26,14,20,11,9,8,23,12,27,0,29,27,49,71,102,39,35]} 1. e4 c5 2. Nf3 d6 3. d4 cxd4 4. Nxd4 Nf6 5. Nc3 a6 6. h3 e5 7. Nde2 h5 {B90: Sicilian Najdorf: Unusual White 6th moves, 6 Be3 Ng4 and 6 Be3 e5} 8. Bg5 Be6 9. Bxf6 Qxf6 {The position is equal.} 10. Nd5 Qd8 11. Nec3 g6 12. Bc4 Bh6 13. O-O Nc6 14. Bb3 {[#]} Nd4 $146 ({Predecessor:} 14... O-O 15. Qd3 {1-0 (34) Anand,V (2803)-Roiz,M (2600) Berlin 2015}) 15. Ne2 Nxb3 16. axb3 Rc8 17. Nec3 O-O 18. Qd3 Qh4 19. Rad1 Kg7 20. Qe2 f5 21. exf5 gxf5 22. Kh2 (22. Nb6 $16 Rc6 {[#]} 23. Rxd6 $1 {[%mdl 512]}) 22... f4 {Accuracy: White = 52%, Black = 51%.} 1/2-1/2

[Event "WWRR IM 2019"]
[Site "Wachtebeke"]
[Date "2019.03.03"]
[Round "3.2"]
[White "Vuelban, Virgilio"]
[Black "De Ruiter, Danny"]
[Result "1/2-1/2"]
[WhiteElo "2272"]
[BlackElo "2328"]
[Annotator "TA"]
[PlyCount "77"]
[EventDate "2019.03.02"]
[EventCountry "BEL"]
[SourceTitle "playchess.com"]
[Source "ChessBase"]
[SourceQuality "1"]

{[%evp 16,77,11,4,37,12,68,0,0,-7,0,0,0,0,-4,-20,0,-4,-1,0,-4,-4,0,-5,-8,-34,-18,-58,-17,-51,-4,-4,0,-27,-35,-25,-25,-40,-7,-14,-8,-22,-22,-22,-22,-15,-16,-35,-8,-6,8,5,8,1,1,1,1,1,6,1,5,5,5,8]} 1. e4 c5 2. Nf3 e6 3. c4 Nc6 4. Nc3 Nf6 5. d4 cxd4 6. Nxd4 Bb4 7. Nxc6 bxc6 8. Bd3 e5 9. O-O d6 {B44: Sicilian: Taimanov: 5 Nb5} (9... O-O 10. Qe2 Bxc3 11. bxc3 d6 12. c5 dxc5 13. f3 Be6 14. Be3 Qe7 15. a4 Rfb8 16. Rfb1 Nd7 17. a5 Qd8 {½-½ (44) Carlsen,M (2835)-Anand,V (2773) St Petersburg 2018}) 10. Bg5 h6 ({Black should play} 10... Bc5 $11) 11. Bd2 (11. Bxf6 $1 $14 gxf6 12. Qa4 Bxc3 13. bxc3) 11... Bc5 $11 12. Be2 $146 ({Predecessor:} 12. Rb1 a5 13. a3 O-O 14. b4 axb4 15. axb4 Bd4 16. Ne2 Bg4 17. Qc2 Bxe2 18. Bxe2 {0-1 (37) Vitoux,C (2385)-Taborsky,R (2227) New York 2015}) 12... O-O 13. Qc2 Rb8 14. Rae1 Bd4 15. Kh1 Ng4 16. Bxg4 $1 Bxg4 17. b3 Qd7 18. f3 Bh5 19. Ne2 Bg6 20. f4 f5 21. g4 fxe4 22. f5 Bf7 {aiming for ...e3.} (22... e3 $5 {[%cal Re3d2]} 23. Bc3 c5 24. Bxd4 (24. fxg6 $2 Qb7+ 25. Kg1 Rf2 $19) 24... exd4 $11) 23. Nxd4 exd4 24. Rxe4 c5 25. Rfe1 Rbe8 {Threatens to win with ...d5.} 26. Kg1 Rxe4 (26... a5 $5) 27. Qxe4 Re8 28. Qf3 Rxe1+ 29. Bxe1 d5 30. cxd5 Bxd5 31. Qf4 Bc6 {And now ...Qd5 would win.} 32. Qe5 {The position is equal.} Qd5 33. Qxd5+ Bxd5 {[%mdl 4096] Endgame KB-KB} 34. Bg3 c4 35. bxc4 Bxc4 36. a3 Kf7 37. Be5 d3 {[#] ...d2 is the strong threat.} 38. Bc3 g6 39. fxg6+ {Accuracy: White = 44%, Black = 50%.} 1/2-1/2

[Event "WWRR IM 2019"]
[Site "Wachtebeke"]
[Date "2019.03.03"]
[Round "3.3"]
[White "Blom, Vincent"]
[Black "Van der Lende, Ilias"]
[Result "1-0"]
[WhiteElo "2265"]
[BlackElo "2343"]
[Annotator "TA"]
[PlyCount "103"]
[EventDate "2019.03.02"]
[EventCountry "BEL"]
[SourceTitle "playchess.com"]
[Source "ChessBase"]
[SourceQuality "1"]

{[%evp 14,103,3,8,14,15,29,9,83,87,104,116,119,99,121,94,104,97,92,99,91,102,134,143,151,139,140,140,137,130,165,173,354,174,245,146,153,153,145,90,112,112,100,69,82,73,184,178,216,206,189,66,150,85,87,72,140,144,232,193,175,187,166,61,72,79,153,156,276,273,294,215,404,404,377,323,333,333,326,326,291,314,285,279,581,579,524,524,455,402,454,415]} 1. c4 e6 2. Nf3 Nf6 3. g3 d5 4. cxd5 exd5 5. Bg2 Bd6 6. Nc3 c6 7. O-O O-O 8. d3 Re8 {A17: English Opening: 1...Nf6 with ...Bb4} 9. e4 (9. Qc2 Na6 10. a3 Bg4 11. e4 Nc5 12. exd5 Nxd5 13. Nxd5 cxd5 14. b4 Ne6 {½-½ (56) Beikert,G (2433)-Ginsburg,G (2516) Germany 2013}) 9... Bg4 $146 {[%cal Rd5e4]} ({Predecessor:} 9... dxe4 10. dxe4 Qe7 11. Re1 Nbd7 12. h3 Ne5 13. Nxe5 Bxe5 14. Be3 b6 15. f4 Bxc3 16. bxc3 Bb7 17. Bd4 c5 18. Bxf6 Qxf6 19. e5 Qe7 20. Qd6 Qxd6 {½-½ (20) Poel,E (2366)-Baigorri Navarro,F (2371) ICCF email 2009}) 10. h3 Bh5 (10... Bxf3 $11 11. Bxf3 dxe4 12. Nxe4 (12. dxe4 Na6 $11) 12... Nxe4 13. dxe4 (13. Bxe4 Nd7 $15) 13... Qe7) 11. g4 $16 dxe4 12. dxe4 {e5 is the strong threat.} Nxg4 13. hxg4 Bxg4 14. e5 Rxe5 15. Bf4 {[%mdl 64] Pin} Re6 16. Ne4 $1 {[%cal Re4d6]} Rxe4 17. Qxd6 Na6 18. Qxd8+ Rxd8 19. Be3 $36 {[%mdl 2048] White is in control.} Ree8 20. Bxa7 Nb4 21. Rfe1 Rxe1+ 22. Rxe1 Ra8 $2 (22... Nd5 23. a3 h5) 23. Bb6 (23. Re7 $142) 23... Nd3 (23... Nd5 $142) 24. Re2 (24. Re7 $18) 24... f6 25. Rd2 Nf4 26. Nh2 (26. a3 $142) 26... Bh3 27. Bxh3 Nxh3+ 28. Kf1 {Hoping for a3.} Rxa2 29. Be3 b5 (29... h5 $16) 30. Nf3 $18 g5 31. Kg2 g4 32. Ng1 (32. Nd4 $18) 32... Ng5 (32... Nxg1 $14 33. Kxg1 b4) 33. Bxg5 (33. Rc2 $142 $1) 33... fxg5 $16 {[%mdl 4096] Endgame KRN-KR} 34. Rc2 h5 {[#]} ({Black should play} 34... Ra4) 35. Ne2 $1 c5 (35... Kg7 $16 {was worth a try.} 36. Nd4 b4 37. Nxc6 b3) 36. Nc3 Ra5 37. Ne4 c4 38. Nxg5 ({White should try} 38. Nf6+ $18 Kf7 39. Nxh5) 38... Kg7 39. Ne4 Kg6 (39... Ra6 $142 40. f3 Re6) 40. Nd6 h4 {[#]} (40... Kf6 $16 41. Re2 h4) 41. Rd2 $1 $18 Kf6 42. Re2 Kg5 $2 (42... Kg6 43. Re6+ Kh7) 43. Re5+ Kf6 44. Rc5 Ra1 45. Rxb5 Rc1 46. Rc5 h3+ 47. Kh2 Rc2 48. Kg3 ({Worse is} 48. Rxc4 Rxf2+ 49. Kg1 Rg2+ 50. Kh1 g3 $11) 48... h2 $2 (48... Rc1 {is more resistant.} 49. Rxc4 Rg1+ 50. Kh2 Rg2+ 51. Kh1 Ke6) 49. Ne4+ Ke6 50. Kxh2 Rxb2 51. Rxc4 Kd5 52. Ra4 {Accuracy: White = 66%, Black = 27%.} 1-0

[Event "WWRR IM 2019"]
[Site "Wachtebeke"]
[Date "2019.03.03"]
[Round "3.4"]
[White "De Rover, Yong Hoon"]
[Black "Dardha, Daniel"]
[Result "1/2-1/2"]
[WhiteElo "2422"]
[BlackElo "2369"]
[Annotator "TA"]
[PlyCount "77"]
[EventDate "2019.03.02"]
[EventCountry "BEL"]
[SourceTitle "playchess.com"]
[Source "ChessBase"]
[SourceQuality "1"]

{[%evp 22,77,45,21,20,19,35,30,37,24,20,12,17,14,31,35,35,0,0,0,0,-9,-9,-18,-9,-24,35,29,47,43,37,47,46,27,52,50,42,0,0,0,0,-45,-33,-45,0,-20,0,-37,0,-33,-33,-35,0,-15,0,-33,0,-14]} 1. e4 c5 2. Nf3 g6 3. d4 cxd4 4. Nxd4 Nc6 5. Nc3 Bg7 6. Be3 Nf6 7. Bc4 Qa5 8. O-O O-O 9. Bb3 d6 10. h3 Bd7 11. Re1 Rac8 12. Qe2 Nxd4 {B35: Sicilian: Accelerated Dragon with 5 Nc3: main line} (12... Nh5 13. Nf5 gxf5 14. Qxh5 f4 15. Qxa5 Nxa5 16. Bxf4 Rxc3 17. bxc3 Bxc3 18. e5 Bxa1 19. Rxa1 dxe5 20. Bxe5 Nxb3 21. axb3 {½-½ (32) Andriasian,Z (2603)-Perelshteyn,E (2493) Saint Louis 2018}) 13. Bxd4 Bc6 14. Rad1 Nd7 {White has an edge.} 15. Bxg7 Kxg7 16. Nd5 Rfe8 17. Qe3 $146 ({Predecessor:} 17. Qg4 Ne5 18. Qh4 Bxd5 19. exd5 Qc5 20. Re4 {½-½ (50) Gutierrez Salazar,L (2055)-Varela la Madrid,M (1929) San Carlos 2012}) 17... Bxd5 18. exd5 ({But not} 18. Bxd5 Rxc2 19. Bb3 Rc7 $17) 18... Qc5 19. Qg3 b5 20. a4 a5 21. axb5 Qxb5 22. Ra1 Nb6 {[#] aiming for ...a4.} 23. Qh4 a4 (23... Kg8 $11) 24. Qd4+ Kg8 25. Rxa4 Nxa4 26. Bxa4 Qa5 27. c3 Rf8 28. Rxe7 Qc5 {[#] ...Qxd4 is the strong threat.} 29. Qxc5 (29. Qd2 {is interesting.} Ra8 30. b3 Qa5 31. Re4 Rfc8 32. Re3) 29... Rxc5 $14 {[%mdl 4096] Endgame KRR-KRB} 30. Bc6 Rb8 31. Re2 Rb3 {[%mdl 1024] Black has compensation.} 32. Ba4 $1 {[%cal Ra4b3]} Rb8 33. Bc6 Rb3 34. Ba4 $1 {[%cal Ra4b3]} Rb8 35. Rd2 Ra8 36. Rd4 Rb8 37. Rd2 Ra8 38. Rd4 Rb8 39. Rd2 {Accuracy: White = 63%, Black = 51%.} 1/2-1/2

[Event "WWRR IM 2019"]
[Site "Wachtebeke"]
[Date "2019.03.03"]
[Round "3.5"]
[White "Beukema, Jasper"]
[Black "Hautot, Stephane"]
[Result "1/2-1/2"]
[WhiteElo "2282"]
[BlackElo "2347"]
[Annotator "TA"]
[PlyCount "76"]
[EventDate "2019.03.02"]
[EventCountry "BEL"]
[SourceTitle "playchess.com"]
[Source "ChessBase"]
[SourceQuality "1"]

{[%evp 20,76,44,35,55,18,13,0,28,29,56,42,70,54,71,-20,-25,-20,-16,-16,-17,-23,0,0,0,5,41,48,35,36,64,33,35,35,44,52,49,52,62,39,57,25,21,3,9,-8,-8,-10,0,-1,-13,-40,-26,-29,0,-26,0,0,0]} 1. e4 d6 2. d4 Nf6 3. Nc3 Nbd7 4. g3 e5 5. Nge2 Be7 6. Bg2 c6 7. a4 O-O 8. O-O Re8 9. h3 Bf8 10. Re1 exd4 11. Nxd4 a5 {B07: Pirc Defence: Miscellaneous Systems} 12. Bg5 $146 ({Predecessor:} 12. g4 g6 13. Bf4 Nc5 14. Qd2 Qb6 {0-1 (37) Robson,R (2628)-Gelashvili,T (2572) Arlington 2013}) 12... h6 13. Bf4 Ne5 14. b3 Qb6 15. Be3 Qc7 16. Qd2 Ned7 17. Qe2 (17. g4 $16) 17... Nc5 $11 18. Bf4 g5 19. Bd2 Bg7 20. Qf3 g4 21. hxg4 Bxg4 22. Qf4 $36 {[%mdl 2048] White fights for an advantage.} Qd7 {Threatening ...Nh5.} 23. Nf5 Bxf5 $1 24. exf5 d5 25. Rad1 Rxe1+ 26. Rxe1 Re8 27. Rxe8+ Qxe8 28. Bf1 Nfd7 29. Nd1 Qd8 30. Ne3 Ne4 31. Bc1 Qg5 32. Ng4 Qxf4 33. Bxf4 h5 34. Ne3 Be5 35. Ng2 Bd4 36. Ne3 Be5 37. Ng2 Bd4 38. Ne3 Be5 {Accuracy: White = 48%, Black = 46%.} 1/2-1/2

[Event "WWRR IM 2019"]
[Site "Wachtebeke"]
[Date "2019.03.04"]
[Round "4.1"]
[White "Maerevoet, Sim"]
[Black "Hautot, Stephane"]
[Result "1-0"]
[WhiteElo "2251"]
[BlackElo "2347"]
[Annotator "NA RC"]
[PlyCount "65"]
[EventDate "2019.03.02"]
[EventCountry "BEL"]
[SourceTitle "playchess.com"]
[Source "ChessBase"]
[SourceQuality "1"]
[TimeControl "40/5400+30:900+30"]

1. e4 {[%emt 0:04:02]} g6 {[%emt 0:05:18]} 2. d4 {[%emt 0:00:25]} Bg7 {[%emt 0:00:05]} 3. Nc3 {[%emt 0:00:08]} c6 {[%emt 0:01:49]} 4. Nf3 {[%emt 0:06:06]} d5 {[%emt 0:00:14]} 5. h3 {[%emt 0:00:16] LiveBook: 2346 Games} Nh6 {[%emt 0:01:03]} 6. Be2 {[%emt 0:05:55]} O-O {[%emt 0:01:03]} 7. O-O {[%emt 0:00:27]} f6 {[%emt 0:00:16]} 8. Re1 {[%emt 0:07:21]} Nf7 {[%emt 0:01:37]} 9. Bf1 {[%emt 0:05:56]} Re8 {[%emt 0:01:14] B15: Caro-Kann: 3 Nc3: 3...g6 and 3...dxe4 4 Nxe4 Nf6 5 Nxf6+ exf6} (9... b6 10. b3 e6 11. a4 Ba6 12. Ba3 Re8 13. Bd3 Bxd3 14. Qxd3 a5 15. Rad1 Na6 16. h4 Nb4 17. Qd2 {1-0 (69) Sanal,V (2490)-Laznicka,V (2675) Skopje 2018}) 10. Be3 {[%emt 0:07:27]} e6 {[%emt 0:05:06]} 11. a4 $146 {[%emt 0:05:16]} ({Predecessor:} 11. Qd2 Nd7 12. Rad1 b5 13. Bd3 Bb7 14. exd5 exd5 15. Bf4 Nf8 16. Rxe8 Qxe8 17. Re1 {0-1 (72) Fuentes,M (2196)-Terry Lujan,R (2447) Lima 2016}) 11... Nd7 {[%emt 0:11:19]} 12. a5 {[%emt 0:01:39]} b5 {[%emt 0:17:43]} 13. axb6 {[%emt 0:01:05]} Nxb6 {[%emt 0:00:07]} 14. Nd2 {[%emt 0:04:54]} Nd6 {[%emt 0:10:58]} 15. g3 {[%emt 0:11:58]} e5 {[%emt 0:18:04]} 16. dxe5 {[%emt 0:05:18]} fxe5 {[%emt 0:00:15]} 17. Bxb6 {[%emt 0:01:18]} Qxb6 {[%emt 0:00:06]} 18. exd5 {[%emt 0:00:10]} Rf8 {[%emt 0:08:17]} 19. Nde4 {[%emt 0:07:14]} Nxe4 {[%emt 0:00:57]} 20. Nxe4 {[%emt 0:00:08]} Bf5 {[%emt 0:03:27]} 21. Ra6 {[%emt 0:02:35]} Qxb2 {[%emt 0:06:53]} 22. dxc6 {[%emt 0:00:55]} Rad8 $2 {[%emt 0:00:30]} (22... Kh8 23. Bg2 Rad8) 23. Nd6 {[%emt 0:01:47]} Rxd6 {[%emt 0:02:54]} 24. Qxd6 {[%emt 0:00:22]} Qxc2 {[%emt 0:00:33]} 25. Qd1 {[%emt 0:04:35]} Qc5 {[%emt 0:00:29]} 26. Qc1 {[%emt 0:00:13]} Qe7 {[%emt 0:01:37]} 27. Qa3 {[%emt 0:01:14]} Qf6 {[%emt 0:00:43]} 28. Qc5 {[%emt 0:01:02]} Bc8 {[%emt 0:00:33]} 29. Rxa7 {[%emt 0:00:41]} Kh8 {[%emt 0:00:08]} 30. Bg2 $18 {[%emt 0:01:09]} e4 {[%emt 0:01:04]} 31. Rxe4 {[%emt 0:01:01]} Qb2 {[%emt 0:00:27]} 32. Ree7 {[%emt 0:00:56]} Qb1+ {[%emt 0:00:37]} 33. Kh2 {[%emt 0:00:27]} 1-0

[Event "WWRR IM 2019"]
[Site "Wachtebeke"]
[Date "2019.03.04"]
[Round "4.2"]
[White "Dardha, Daniel"]
[Black "Beukema, Jasper"]
[Result "1-0"]
[WhiteElo "2369"]
[BlackElo "2282"]
[Annotator "TA"]
[PlyCount "115"]
[EventDate "2019.03.02"]
[EventCountry "BEL"]
[SourceTitle "playchess.com"]
[Source "ChessBase"]
[SourceQuality "1"]

{[%evp 16,115,33,14,61,58,142,131,140,137,145,139,203,166,169,108,116,121,115,118,133,105,110,110,104,94,99,99,106,100,108,96,96,97,97,86,106,82,89,89,96,96,111,93,126,131,180,133,136,158,106,131,168,105,118,60,145,0,98,102,193,203,206,0,85,0,209,195,296,283,281,264,322,319,366,283,351,347,503,500,481,419,404,410,543,539,639,574,757,764,763,718,797,792,731,701,1435,1442,6528,5945,6629,6526]} 1. d4 d5 2. c4 e6 3. Nc3 Be7 4. Nf3 Nf6 5. Bg5 O-O 6. e3 c6 7. Rc1 Nbd7 8. Bd3 a6 9. O-O b5 {D66: Queen's Gambit Declined: Classical: Main Line (7 Rc1 c6 8 Bd3)} (9... dxc4 10. Bxc4 b5 11. Bd3 c5 12. a4 bxa4 13. Qxa4 Bb7 14. Bb1 Bxf3 15. gxf3 cxd4 16. Qxd4 Qa5 17. Bxf6 Nxf6 18. Qh4 h6 19. Kh1 Rfd8 20. Rg1 {0-1 (31) Ovod,E (2380)-Morovic Fernandez,I (2550) Moscow 2017}) 10. c5 e5 (10... a5 $14) 11. dxe5 $16 Ne8 {White is clearly better.} 12. Bxe7 Qxe7 13. e4 $1 Nc7 $146 (13... dxe4 $16 {was necessary.} 14. Bxe4 Bb7) ({Predecessor:} 13... dxe4 14. Bxe4 Bb7 15. b4 Nxe5 {1-0 (25) Mollov,E (2437)-Gozzoli,C (2162) Saint Affrique 2001}) 14. exd5 cxd5 15. b4 (15. Bb1 $18) 15... Nxe5 16. Re1 Nxf3+ 17. Qxf3 ({Don't play} 17. gxf3 $6 Qg5+ 18. Kh1 Qf4 $11) 17... Qg5 18. Qg3 Qxg3 19. hxg3 Be6 20. a3 g6 21. Ne2 Kg7 22. Nd4 Kf6 23. f4 Bg4 24. Kf2 h5 25. Ra1 Bd7 26. Ke3 (26. Nf3 {is more complex.} Rfe8 27. Ne5 Be6 28. a4 Kg7 29. Red1) 26... Rfe8+ 27. Kd2 Rxe1 28. Rxe1 Rh8 29. Rh1 Re8 30. f5 $1 Rh8 31. fxg6 fxg6 32. Rf1+ Kg7 33. Kc3 h4 34. gxh4 (34. Rh1 $18) 34... Rxh4 35. Nf3 ({White should try} 35. c6 $16 Bc8 36. Be2) 35... Rh5 (35... Rg4 $14) 36. Nd4 (36. Re1 $16 Kf6 37. Bxg6 Kxg6 38. Re7 d4+ 39. Kd2) 36... Rg5 (36... Rh4 $1 $11 {remains equal.}) 37. Rf2 Rg3 (37... Rg4 $16) 38. Ne2 $1 $18 {[%cal Re2g3]} Rg4 39. Nd4 (39. Nf4 $1 $18 {is the precise move to win.}) 39... Rg3 $1 $16 40. Ne2 (40. Kd2 $16) 40... Rg4 $1 $18 {[#]} 41. Nf4 $1 Bc8 (41... Ne6 {is a better defense.}) 42. Nxg6 d4+ 43. Kd2 {Hoping for Ne5.} Bb7 {[#]} 44. Nf4 $1 Kh6 45. Ne2 Kg7 46. g3 a5 (46... Bc8 $142 47. Rf4 Rxf4 48. gxf4 Bb7 49. Nxd4 Bh1) 47. Bf5 Rg5 48. g4 axb4 49. axb4 Kg8 50. Nxd4 {White is clearly winning.} Rg7 51. Ne6 Re7 52. Nxc7 Rxc7 {[%mdl 4096] Endgame KRB-KRB} 53. Bd3 Bc6 54. Rf6 Be8 55. Rb6 Rd7 56. Kc3 Rg7 57. Rb8 Kf7 58. Rb7+ {Accuracy: White = 62%, Black = 29%.} 1-0